<?xml version="1.0" encoding="UTF-8"?>
<record
    xmlns:xsi="http://www.w3.org/2001/XMLSchema-instance"
    xsi:schemaLocation="http://www.loc.gov/MARC21/slim http://www.loc.gov/standards/marcxml/schema/MARC21slim.xsd"
    xmlns="http://www.loc.gov/MARC21/slim">

  <leader>03295    a2200217   4500</leader>
  <controlfield tag="001">48772</controlfield>
  <controlfield tag="005">20260407155753.0</controlfield>
  <controlfield tag="008">260407a1977    arg                 spa d</controlfield>
  <controlfield tag="003">AR-UNSa-BCEJYS</controlfield>
  <datafield tag="040" ind1=" " ind2=" ">
    <subfield code="a">AR-UNSa-BCEJYS</subfield>
    <subfield code="b">spa</subfield>
    <subfield code="c">AR-UNSa-BCEJYS</subfield>
  </datafield>
  <datafield tag="080" ind1=" " ind2=" ">
    <subfield code="a">51-7</subfield>
    <subfield code="x">Estudios y m&#xE9;todos matem&#xE1;ticos en otros campos del conocimiento. Matem&#xE1;ticas cient&#xED;ficas. Matem&#xE1;ticas actuariales (Matem&#xE1;ticas Financieras)</subfield>
  </datafield>
  <datafield tag="245" ind1="1" ind2="0">
    <subfield code="a">Tablas financieras estad&#xED;sticas y actuariales</subfield>
  </datafield>
  <datafield tag="020" ind1=" " ind2=" ">
    <subfield code="a">84-237-0122-0</subfield>
  </datafield>
  <datafield tag="250" ind1=" " ind2=" ">
    <subfield code="a">6ed. corr. y aumen.</subfield>
  </datafield>
  <datafield tag="264" ind1=" " ind2="1">
    <subfield code="a">Madrid :</subfield>
    <subfield code="b">Dossat</subfield>
    <subfield code="c">1977</subfield>
  </datafield>
  <datafield tag="300" ind1=" " ind2=" ">
    <subfield code="a">385 p.</subfield>
    <subfield code="c">24 cm.</subfield>
  </datafield>
  <datafield tag="505" ind1=" " ind2=" ">
    <subfield code="a">1. Conversi&#xF3;n de d&#xED;as en fracci&#xF3;n decimal de a&#xF1;o - 2. D&#xED;as transcurridos desde el principio del a&#xF1;o hasta una fecha determinada, inclusive - 3. Inter&#xE9;s simple producido por una unidad en n d&#xED;as, al tanto anual unitario i, a&#xF1;o civil (365 d&#xED;as) - 4. Montante de una unidad en r&#xE9;gimen de capitalizaci&#xF3;n compuesta al tanto unitario i, al final de n periodos - 5. Montante de una unidad en r&#xE9;gimen de capitalizaci&#xF3;n compuesta al tanto unitario i, al final de n/12 de per&#xED;odo - 6. Tiempo necesario para duplicar, triplicar, cuadruplicar y quintuplicar un capital en r&#xE9;gimen de capitalizaci&#xF3;n compuesta al tanto unitario i - 7. Valor actual en r&#xE9;gimen de capitalizaci&#xF3;n compuesta al tanto unitario i, de una unidad disponible al final de n per&#xED;odos - 8. Tanto nominal unitario J(m) correspondiente al tanto efectivo unitario i - 9. Tanto efectivo unitario i, correspondiente al tanto nominal unitario J(m) - 10. Cuant&#xED;a de la renta anual pospagable, equivalente a la unitaria pospagable de frecuencia m, siendo i el tanto efectivo - 11. Cuant&#xED;a de la renta anual pospagable de frecuencia m, equivalente a la unitaria anual pospagable siendo i el tanto efectivo - 12. Logaritmo decimal y logaritmo neperiano de (1+i), siendo i el tanto unitario - 13. Valor final en r&#xE9;gimen de capitalizaci&#xF3;n compuesta al tanto unitario i, de una renta unitaria inmediata pospagable temporal de n per&#xED;odos, cuando el periodo de capitalizaci&#xF3;n coincide con el de la renta - 14. Valor actual  en r&#xE9;gimen de capitalizaci&#xF3;n compuesta al tanto unitario i, de una renta inmediata pospagable temporal de n per&#xED;odos, cuando el per&#xED;odo de capitalizaci&#xF3;n coincide con el de la renta - 15. Valor del t&#xE9;rmino constante de la renta inmediata pospagable, necesaria para amortizar un capital unidad en n per&#xED;odos al tanto unitario i - 16.Distribuci&#xF3;n de probabilidad binomial - 17. Distribuci&#xF3;n de probabilidad - 18. Funci&#xF3;n de densidad de la distribuci&#xF3;n normal N(0,1).- Derivadas sucesivas - 19. Funci&#xF3;n integral de la distribuci&#xF3;n normal N(0,1) - 20. Funci&#xF3;n integral de la distribuci&#xF3;n normal N(0,1) - 21. Funci&#xF3;n integral de la distribuci&#xF3;n X2 (ji cuadrado) con n grados de libertad - 22. Funci&#xF3;n integral de la distribuci&#xF3;n t de student, con n grados de libertad - 23. M.E. - 1960- varones - 24. M.E. - 1960 - mujeres - 25. M.E. - 1960 - varones - 26. M.E. - 1960 - mujeres - 27. M.E. - 1960 - varones - M.E. - 1960 - mujeres - 28. P.M. - 29. P.F. - 30. P.M. - 31. P.F. - 32. S.I.m - 33. S.I.f - 34. S.I.m - 35. S.I.f - 36. A.F. - 37. A.F. - 38. R.F. - 39. R.F. - </subfield>
  </datafield>
  <datafield tag="942" ind1=" " ind2=" ">
    <subfield code="c">BK</subfield>
  </datafield>
  <datafield tag="590" ind1=" " ind2=" ">
    <subfield code="a">niveau_biblio:m niveau_hierar:0</subfield>
  </datafield>
  <datafield tag="100" ind1="1" ind2=" ">
    <subfield code="a">Gil Pel&#xE1;ez, Lorenzo</subfield>
  </datafield>
  <datafield tag="999" ind1=" " ind2=" ">
    <subfield code="c">4709</subfield>
    <subfield code="d">4709</subfield>
  </datafield>
  <datafield tag="952" ind1=" " ind2=" ">
    <subfield code="0">0</subfield>
    <subfield code="1">0</subfield>
    <subfield code="4">0</subfield>
    <subfield code="7">0</subfield>
    <subfield code="a">BCEJYS</subfield>
    <subfield code="b">BCEJYS</subfield>
    <subfield code="c">16</subfield>
    <subfield code="d">2026-04-07</subfield>
    <subfield code="l">0</subfield>
    <subfield code="o">51-7 G463 6ed.</subfield>
    <subfield code="p">L35812</subfield>
    <subfield code="r">2026-04-07 15:57:53</subfield>
    <subfield code="w">2026-04-07</subfield>
    <subfield code="y">L</subfield>
  </datafield>
  <datafield tag="952" ind1=" " ind2=" ">
    <subfield code="0">0</subfield>
    <subfield code="1">0</subfield>
    <subfield code="4">0</subfield>
    <subfield code="7">0</subfield>
    <subfield code="a">BCEJYS</subfield>
    <subfield code="b">BCEJYS</subfield>
    <subfield code="c">16</subfield>
    <subfield code="d">2026-04-07</subfield>
    <subfield code="l">0</subfield>
    <subfield code="o">51-7 G463 6ed.</subfield>
    <subfield code="p">L35813</subfield>
    <subfield code="r">2026-04-07 15:57:53</subfield>
    <subfield code="w">2026-04-07</subfield>
    <subfield code="y">L</subfield>
  </datafield>
</record>
